Reading the Grand Staff Challenge - Statistics

General Stats
  • This quiz has been taken 18 times
    17 since last reset
  • The average score is 8 of 15
Answers on the Map
Answers color-coded by a green-red scale on the quiz's map according to % correct below.
 
Answer Stats
Answer % Correct
C
100%
C
100%
C
90%
B
50%
B
40%
C
40%
D
40%
D
40%
E
40%
E
40%
G
40%
G
40%
B
30%
B
30%
C
30%
No matching quizzes found
Score Distribution
Percent of People with Each Score
Percentile by Number Answered
Your Score History
You have not taken this quiz since the last reset